| 000 | 00381nam a2200145Ia 4500 | ||
|---|---|---|---|
| 008 | 230917s9999||||xx |||||||||||||| ||und|| | ||
| 040 |
_e188643 _aMAIN |
||
| 041 | _aEnglish | ||
| 082 | _a361.6 G239S | ||
| 100 | _aGautam, P K | ||
| 245 | 0 | _aSocial work and social policy: Concepts and methods | |
| 260 |
_aNew Delhi _bCentrum Press _c2011 |
||
| 300 | _avii, 296 p. | ||
| 942 | _cBK | ||
| 999 |
_c158860 _d158860 |
||